| 000 | 01180cai a22002415a 4500 | ||
|---|---|---|---|
| 001 | L139637 | ||
| 008 | 070801u xxkao g 000 0 eng d | ||
| 035 | _a(Sirsi) u139637 | ||
| 041 | 0 | _aeng | |
| 110 | 2 |
_aEnergy Saving Trust _91191 |
|
| 245 | 0 | 0 |
_aEnergy saving trust _h[electronic resource] |
| 520 | _aProvides information on energy efficiency and conservation. Details ways that individuals can reduce their impact on climate change. Covers home-based energy generation; home improvements which improve energy efficiency; energy saving products; and Energy Performance Certificates. Also explains ways in which individuals can save energy in their day to day lives. | ||
| 590 | _aKA | ||
| 650 | 2 | 4 | _aENERGY EFFICIENT BUILDINGS |
| 650 | 2 | 4 | _aHOME INFORMATION PACKS |
| 650 | 2 | 4 | _aRESIDENTIAL ENERGY PERFORMANCE CERTIFICATES |
| 650 | 2 | 4 | _aCOMMERCIAL ENERGY PERFORMANCE CERTIFICATES |
| 650 | 2 | 4 | _aHOUSING ACT 2004 PART V |
| 651 | 4 |
_aUnited Kingdom _y |
|
| 690 | _aENVIRONMENTAL AND LAND CONSULTANCY-ENERGY-ENERGY USE-ENERGY EFFICIENCY | ||
| 856 | 4 | 0 |
_uhttps://www.energysavingtrust.org.uk/ _zView the website free of charge at www.energysavingtrust.org.uk... |
| 942 | _n0 | ||
| 999 |
_c120616 _d120616 |
||